| 000 | 00423nam a2200145Ia 4500 | ||
|---|---|---|---|
| 008 | 210210b1977 xxu||||| |||| 00| 0 eng d | ||
| 082 | _a327.54 NASJ | ||
| 100 | _aNASENKO (Yuri). | ||
| 245 | _aJawaharlal Nehru and India's foreign policy. | ||
| 260 |
_aND _bSterling Publishers (P) Ltd. _c1977 |
||
| 300 | _a351 | ||
| 650 | _aJawaharlal Nehru India Foreign Policy | ||
| 690 | _aInternational Relations | ||
| 906 | _aSG00919 | ||
| 999 |
_c112029 _d112029 |
||